Mark Thomas Hollinshead and Jill Marie Hollinshead v Jeremy Graham Gilchrist (Record no. 82105)

MARC details
000 -LEADER
fixed length control field 00936cad a22001935a 4500
001 - CONTROL NUMBER
control field E149272
008 - FIXED-LENGTH DATA ELEMENTS--GENERAL INFORMATION
fixed length control field 100215e20091207xxk v 000 0 eng d
035 ## - SYSTEM CONTROL NUMBER
System control number (Sirsi) u149272
041 0# - LANGUAGE CODE
Language code of text/sound track or separate title eng
245 00 - TITLE STATEMENT
Title Mark Thomas Hollinshead and Jill Marie Hollinshead v Jeremy Graham Gilchrist
Remainder of title note
Medium [electronic resource]
260 ## - PUBLICATION, DISTRIBUTION, ETC.
Date of publication, distribution, etc. 2009
520 ## - SUMMARY, ETC.
Summary, etc. LTS/TC/2008/31 7 December 2009. Concerned an application under the Title Conditions (Scotland) Act 2003 S90(1)(a) to discharge certain title conditions relating to parking and internal alterations to the property. "Held": application allowed.
650 24 - SUBJECT ADDED ENTRY--TOPICAL TERM
Topical term or geographic name entry element HOLLINSHEAD V GILCHRIST
650 24 - SUBJECT ADDED ENTRY--TOPICAL TERM
Topical term or geographic name entry element TITLE CONDITIONS (SCOTLAND) ACT 2003
651 #4 - SUBJECT ADDED ENTRY--GEOGRAPHIC NAME
Geographic name Scotland
Chronological subdivision 1999-
690 ## - LOCAL SUBJECT ADDED ENTRY--TOPICAL TERM (OCLC, RLIN)
Topical term or geographic name as entry element Planning and development
9 (RLIN) 6259
856 40 - ELECTRONIC LOCATION AND ACCESS
Uniform Resource Identifier <a href="https://www.lands-tribunal-scotland.org.uk/decisions/LTS.TC.2008.31.html">https://www.lands-tribunal-scotland.org.uk/decisions/LTS.TC.2008.31.html</a>
Public note View the decision free of charge at www.lands-tribunal-scotland.org.uk...
942 ## - ADDED ENTRY ELEMENTS (KOHA)
Suppress in OPAC 0
Holdings
Withdrawn status Lost status Source of classification or shelving scheme Damaged status Not for loan Home library Current library Shelving location Date acquired Total Checkouts Full call number Barcode Date last seen Copy number Price effective from Koha item type
    Dewey Decimal Classification     Virtual Virtual Online 15/02/2010   ONLINE PUBLICATION 149272-2001 06/08/2019 1 06/08/2019 Law report